Finanční aktivita dělí Evropu na sever a jih

Analýza vývoja majetku a dlhov domácnosti v 50 krajinách vrátane Českej republiky. Celosvetový hrubý finančný majetok na osobu. Najbohatšie krajiny východnej a západnej Európy.

Salvato in:
Dettagli Bibliografici
Natura: Capitolo di libro
Lingua:ceco
Soggetti:
Tags: Aggiungi Tag
Nessun Tag, puoi essere il primo ad aggiungerne!!

MARC

LEADER 00000naa a2200000 4500
001 0146259
005 20231129094346.9
041 0 |a cze 
044 |a CZ 
245 1 0 |a Finanční aktivita dělí Evropu na sever a jih 
520 |a Analýza vývoja majetku a dlhov domácnosti v 50 krajinách vrátane Českej republiky. Celosvetový hrubý finančný majetok na osobu. Najbohatšie krajiny východnej a západnej Európy. 
610 2 0 |a Európa 
610 2 0 |a Česko 
610 2 0 |a eurozóna 
610 2 0 |a majetok finančný 
610 2 0 |a majetok obyvateľstva 
610 2 0 |a domácnosti 
610 2 0 |a kapitál 
610 2 0 |a financie 
610 2 0 |a aktíva 
610 2 0 |a kríza finančná 
610 2 0 |a porovnanie medzinárodné